Top 15 Länder mit Covid-19-Todesfällen - 27. Oktober 2021 - Statistiken

Allgemein
  • Dieses Quiz wurde 24 mal gespielt
  • Das Durchschnittsergebnis liegt bei 11 aus 25
Antwortstatistiken
Land % Korrekt
Frankreich
91%
Vereinigte Staaten
87%
Deutschland
83%
Indien
78%
Brasilien
74%
Russland
74%
Italien
70%
Mexiko
70%
Vereinigtes Königreich
65%
Argentinien
57%
Peru
43%
Kolumbien
39%
Indonesien
30%
Südafrika
30%
Rumänien
22%
Ungarn
22%
Bulgarien
17%
Georgien
17%
Iran
17%
Tschechien
17%
Paraguay
13%
Slowakei
13%
Slowenien
13%
Bosnien und Herzegowina
9%
Nordmazedonien
9%
Keine übereinstimmenden Quizze gefunden
Verteilung der Resultate
Anzahl Personen mit jedem Resultat
Perzentil nach korrekt beantworteten Fragen
Ihre Resultats-Entwicklung
Sie haben dieses Quiz noch nicht gespielt